Actrice X de l'année par année - Statistiques

Statistiques générales
  • Ce quiz a été pris 2 802 fois
  • Le résultat moyen est 4 sur 32
Statistiques - réponses
Année Nom de l'interprète féminine de l'année % Correct
2020 Angela White
87%
2019 Angela White
87%
2018 Angela White
87%
2016 Riley Reid
28%
2017 Adriana Chechik
11%
2021 Emily Willis
11%
2023 Kira Noir
9%
2011 Tori Black
8%
2010 Tori Black
8%
2013 Asa Akira
6%
2024 Vanna Bardot
5%
2022 Gianna Dior
3%
2008 Sasha Grey
3%
1994 Debie Diamond
2%
2005 Lauren Phoenix
2%
2015 Anikka Albrite
1%
2004 Ashley Blue
1%
2006 Audrey Hollander
1%
2012 Bobbi Starr
1%
2014 Bonnie Rotten
1%
1999 Chloe
1%
2009 Jenna Haze
1%
1996 Kaitlyn Ashley
1%
1993 Ashlyn Gere
0%
1995 Asia Carrera
0%
2003 Aurora Snow
0%
2007 Hillary Scott
0%
2000 Inari Vashs
0%
2001 Jewel De'Nyle
0%
1997 Missy
0%
2002 Nikita Denise
0%
1998 Stephanie Swift
0%
Aucun quiz correspondant
Distribution des résultats
% des personnes avec chaque résultat
Percentile par nombre de réponses
Votre historique - résultats
Vous n’avez pas pris ce quiz